000 00430nmm a2200157Ia 4500
008 251105s9999||||xx |||||||||||||||||und||
020 _a9788467190915
041 _aspa
100 _aAnderson, Natalie
245 0 _aEntre las sábanas del italiano
264 _a[Madrid, España] :
_bHarlequin,
_c2010
300 _a118 páginas
650 _aRomance
856 _uhttps://public.digitaliapublishing.com/a/32693
942 _cCF
999 _c83635
_d83635